wybrane miasta wielkopolski na mapie - Statystyki

Ogólne statystyki
  • Ten quiz został rozwiązany 702 razy
  • Średni wynik to 14 z 20
Odpowiedzi na mapie
Odpowiedzi zakodowano w zielono-czerwonej skali na mapie do tego quizu, zgodnie z poniższymi procentami.
 
Statystyki odpowiedzi
Odpowiedź % Poprawnych
Poznań
93%
Jarocin
78%
Piła
77%
Międzychód
76%
Wągrowiec
76%
Gniezno
75%
Kościan
75%
Września
75%
Nowy Tomyśl
74%
Kępno
73%
Złotów
73%
Konin
69%
Koło
66%
Leszno
66%
Ostrów Wlkp.
64%
Wronki
63%
Kalisz
62%
Czarnków
59%
Krotoszyn
59%
Pleszew
58%
Nie znaleziono quizów pasujących do podanych kryteriów
Rozkład punktacji
Procent ludzi z każdym wynikiem
Percentyl według liczby udzielonych odpowiedzi
Twoja historia wyników
Nie rozwiązałeś tego quizu